000 004160000a22001690004500
003 MACL
005 20160113164918.0
008 160113b xxu||||| |||| 00| 0 eng d
040 _aMACL
_cMACL
041 _aEnglish
082 _a968/MAS
100 _aMaspero, G
_932040
245 _aHistory of Egypt
_bvol IX
260 _bThe Grolier Society Ltd
_aLondon
650 _aHistory
_932041
942 _cBK
_k962/MAS
_2ddc
999 _c38120
_d38120